Digitálne dvojča dávkovacej výrobnej linky
Enregistré dans:
| Auteur principal: | |
|---|---|
| Autres auteurs: | |
| Format: | Manuscrit Livre |
| Langue: | slovaque |
| Publié: |
2021
|
| Sujets: | |
| Accès en ligne: | http://is.stuba.sk/zp/portal_zp.pl?podrobnosti=156537 |
| Tags: |
Pas de tags, Soyez le premier à ajouter un tag!
|
MARC
| LEADER | 00000ntm a22000003a 4500 | ||
|---|---|---|---|
| 001 | stuzp85081 | ||
| 003 | SK-STU | ||
| 005 | 20210612213705.4 | ||
| 007 | ta | ||
| 008 | 150427s2015----xo-----f-mn---000-0-slo-d | ||
| 040 | |a STU |b slo | ||
| 041 | 0 | |a slo | |
| 100 | 1 | |a Smetana, Dávid |u 020020 |k Z4 |4 aut |U SjF Strojnícka fakulta |T SjF Ústav automatizácie, merania a aplikovanej informatiky |X 87774 |U J0020 |Y 802 |7 87774 | |
| 242 | 0 | 1 | |a Digital twin of filling dosing production line |y eng |
| 245 | 1 | 0 | |a Digitálne dvojča dávkovacej výrobnej linky |
| 260 | |c 2021 | ||
| 650 | 4 | |a HMI |2 slo | |
| 650 | 4 | |a priemysel 4.0 |2 slo | |
| 650 | 4 | |a digitálne dvojča |2 slo | |
| 650 | 4 | |a PLC |2 slo | |
| 650 | 4 | |a NX MCD |2 slo | |
| 650 | 4 | |a OPC UA |2 slo | |
| 650 | 4 | |a HMI |2 eng | |
| 650 | 4 | |a NX MCD |2 eng | |
| 650 | 4 | |a PLC |2 eng | |
| 650 | 4 | |a industry 4.0 |2 eng | |
| 650 | 4 | |a digital twin |2 eng | |
| 700 | 1 | |a Juhás, Martin |u 020020 |k Z1 |4 ths |U SjF Strojnícka fakulta |T SjF Ústav automatizácie, merania a aplikovanej informatiky |X 2316 |U J0020 |Y 802 |7 A000002316 | |
| 856 | 4 | |u http://is.stuba.sk/zp/portal_zp.pl?podrobnosti=156537 | |